000 00880nam a22002897a 4500
001 BR9400153
003 BR-BrBNA
005 20230928093940.0
007 ta
008 230509b bl.||||| |||| 00| 0 por d
040 _aBR-BrBNA
_bpor
_cBiblioteca Nacional de Agricultura
041 _a(Por)
072 _aF02
_b0120
_b4530
090 _ 0120 BR9400153
100 1 _aSilva, F.M. da
100 1 _aCoan, O.
100 1 _aNatale, W.
111 1 _a22. Congresso Brasileiro de Engenharia Agricola
_cIlheus, BA (Brazil)
_d19-23 de Jul 1993
245 1 _aInfluencia da profundidade de semeadura com e sem uso de sulcador na cultura de milho (Zea mays L.)
500 _a6 tables; 11 ref.; Summaries (Eng, Por)
650 _aSemeadura
650 _aMilho
650 _aSulcador
650 _aProfundidade de Semeadura
909 _a202309
_bLucia
_c55
_dLucia Elande
942 _cBK
999 _c48075
_d48075